000 00795nac a22002417a 4500
001 BR7500736
003 BR-BrBNA
005 20240105113833.0
008 230509b bl.|||m| |||| 00| 0 por d
040 _aBR-BrBNA
_bpor
_cBiblioteca Nacional de Agricultura
072 _aL50
090 _a5212 BR7500736
110 1 _aBayer do Brasil Industrias Quimicas S.A., Sao Paulo, SP (Brasil)
_91241
245 1 _aDa boa flora microbiana depende a vida do bovino [fisiologia animal]
260 3 _aSao Paulo, SP (Brasil):
_c1975.
300 _a3 p.
490 _aBoletim Agropecuario - Bayer do Brasil S.A. (Brazil)
_vno. 179
_x
650 _aBOVINO
650 _aFLORA MICROBIANA
650 _aFISIOLOGIA NUTRICIONAL
909 _a202312
_bLúcia Elande
_c55
_dLúcia Elande
942 _2AGRIS
_n0
_cMS
999 _c265867
_d265867